00526nam a2200181 i 450000100060000000300090000600500170001500700030003200800410003510000280007624500830010425000150018726000340020230000260023649000430026283000180030585200210032337292ES-MaACL20250809044546.0t|030220s1984 sp ||||1| spa d1 aBustos Ramírez, Juan.10aManual de derecho penal español b: parte general / cJuan Bustos Ramírez. a[1ª ed.]. aBarcelona : bAriel, c[1984] aXX, 475 p. ; c22 cm.1 aAriel derecho. Sección derecho penal00aAriel derecho aES-MaACLjL-7118